| Tag |
First Indicator |
Second Indicator |
Subfields |
| LEADER |
00000cam a22000007i 4500 |
| 001 |
in00004770113 |
| 006 |
m o d |
| 007 |
cr cnu|||||||| |
| 008 |
230422s2023 enk o 001 0 eng d |
| 005 |
20240201202401.5 |
| 035 |
|
|
|a (OCoLC)on1376931139
|
| 040 |
|
|
|a EBLCP
|b eng
|e rda
|c EBLCP
|d UKAHL
|d YDX
|d N$T
|d STBDS
|d OCLCF
|d OH1
|d OCLCQ
|d GZM
|d WSU
|d OCLCO
|d OCLCL
|
| 019 |
|
|
|a 1376495493
|a 1390767007
|
| 020 |
|
|
|a 9780192652515
|
| 020 |
|
|
|a 9780191924224
|q (electronic bk.)
|
| 020 |
|
|
|a 0191924229
|q (electronic bk.)
|
| 020 |
|
|
|a 0192652516
|
| 020 |
|
|
|z 9780192652522
|q electronic book
|
| 020 |
|
|
|z 0192897799
|
| 020 |
|
|
|z 9780192897794
|
| 020 |
|
|
|z 0192898507
|
| 020 |
|
|
|z 9780192898500
|
| 035 |
|
|
|a (OCoLC)1376931139
|z (OCoLC)1376495493
|z (OCoLC)1390767007
|
| 043 |
|
|
|a ae-----
|
| 050 |
|
4 |
|a HD9502.A783
|b T48 2023
|
| 082 |
0 |
4 |
|a 333.79095
|
| 049 |
|
|
|a TXAM
|
| 100 |
1 |
|
|a Thurbon, Elizabeth,
|e author.
|
| 245 |
1 |
0 |
|a Developmental environmentalism :
|b state ambition and creative destruction in East Asia's green energy transition /
|c Elizabeth Thurbon, Sung-Young Kim, Hao Tan and John Mathews.
|
| 264 |
|
1 |
|a Oxford :
|b Oxford University Press,
|c 2023.
|
| 300 |
|
|
|a 1 online resource (273 pages)
|
| 336 |
|
|
|a text
|b txt
|2 rdacontent
|
| 337 |
|
|
|a computer
|b c
|2 rdamedia
|
| 338 |
|
|
|a online resource
|b cr
|2 rdacarrier
|
| 500 |
|
|
|a Description based upon print version of record.
|
| 520 |
|
|
|a This book examines East Asia's approach to 'Developmental Environmentalism'. Embracing this, East Asian governments are establishing their countries as leaders in green energy. This book conains analysis of national strategies policymakers using economic policy for their green ambitions. They conclude by examining these lessons for other countries.
|
| 504 |
|
|
|a Includes bibliographical references and index.
|
| 505 |
0 |
|
|a 1 Cutting through the conflicting images of East Asia's green energy shift -- 2 Northeast Asia's performance in the green energy shift: what does the data reveal? -- 3 A novel analytical framework -- 4 Creative-destruction in Korea's hydrogen fuel cell electric vehicle industry -- 5 Creative-descr
|
| 650 |
|
0 |
|a Clean energy
|z East Asia.
|
| 650 |
|
0 |
|a Energy transition
|z East Asia.
|
| 650 |
|
0 |
|a Sustainable development
|z East Asia.
|
| 650 |
|
7 |
|a Clean energy
|2 fast
|
| 650 |
|
7 |
|a Energy transition
|2 fast
|
| 650 |
|
7 |
|a Sustainable development
|2 fast
|
| 651 |
|
7 |
|a East Asia
|2 fast
|
| 650 |
|
7 |
|a The environment.
|2 thema
|
| 650 |
|
7 |
|a Environment and Ecology.
|2 ukslc
|
| 655 |
|
7 |
|a Electronic books.
|2 local
|
| 700 |
1 |
|
|a Kim, Song-young,
|e author
|
| 700 |
1 |
|
|a Tan, Hao,
|e author.
|
| 700 |
1 |
|
|a Mathews, John A.
|q (John Alwyn),
|d 1946-
|e author.
|1 https://id.oclc.org/worldcat/entity/E39PBJfmqgY8YDK7ThrPgybw4q
|
| 710 |
2 |
|
|a Oxford University Press.
|
| 776 |
0 |
8 |
|i Print version:
|a Thurbon, Elizabeth
|t Developmental Environmentalism
|d Oxford : Oxford University Press, Incorporated,c2023
|z 9780192897794
|
| 856 |
4 |
0 |
|u https://academic.oup.com/book/46471
|z Connect to the full text of this electronic book
|t 0
|
| 955 |
|
|
|a Oxford University Press Open Access ebooks
|
| 994 |
|
|
|a 92
|b TXA
|
| 999 |
f |
f |
|s 42af45fc-2d16-4bea-80e4-b029e385bc34
|i 48bb1ab7-12f6-41da-9cc1-73860689ec97
|t 0
|
| 952 |
f |
f |
|a Texas A&M University
|b College Station
|c Electronic Resources
|d Available Online
|t 0
|e HD9502.A783 T48 2023
|h Library of Congress classification
|
| 998 |
f |
f |
|a HD9502.A783 T48 2023
|t 0
|l Available Online
|